O klasifikácii definícií

Vo filozofii sa výraz „definícia“ používa rozličnými spôsobmi. Systematická logickosémantická klasifikácia definícií. Metodologické požiadavky, ktoré by mali spĺňať používanie termínu „definícia“ v rámci vedeckej klasifikácie.

Na minha lista:
Detalhes bibliográficos
Autor principal: Mikušiak, Marek
Formato: Capítulo de Livro
Idioma:eslovaco
Assuntos:
Tags: Adicionar Tag
Sem tags, seja o primeiro a adicionar uma tag!

MARC

LEADER 00000naa a2200000 4500
001 0254590
005 20190606104542.9
041 0 |a slo 
044 |a SK 
245 1 0 |a O klasifikácii definícií  |c Marek Mikušiak 
520 |a Vo filozofii sa výraz „definícia“ používa rozličnými spôsobmi. Systematická logickosémantická klasifikácia definícií. Metodologické požiadavky, ktoré by mali spĺňať používanie termínu „definícia“ v rámci vedeckej klasifikácie. 
610 2 0 |a filozofia 
610 2 0 |a definície 
610 2 0 |a predpisy právne 
100 1 |a Mikušiak, Marek